Normal view
MARC view
- موسى،كمال ابراهيم ، نجاتي،محمد عثمان/تقديم
Entry Personal Name
001 - CONTROL NUMBER
- control field: 17958
003 - CONTROL NUMBER IDENTIFIER
- control field: JO-AjAnu
005 - DATE AND TIME OF LATEST TRANSACTION
- control field: 20230606073149.0
008 - FIXED-LENGTH DATA ELEMENTS
- fixed length control field: 230606|| aca||aabn | a|a d
040 ## - CATALOGING SOURCE
- Original cataloging agency: JO-AjAnu
- Transcribing agency: JO-AjAnu
100 ## - HEADING--PERSONAL NAME
- Personal name: موسى،كمال ابراهيم ، نجاتي،محمد عثمان/تقديم
670 ## - SOURCE DATA FOUND
- Source citation: Work cat.: (JO-AjAnu)9222: موسى،كمال ابراهيم ، نجاتي،محمد عثمان/تقديم, author, القلق وعلاقته بالشخصية في مرحلة المراهقة